000 01053cab a2200277 4500
001 ABS58589
008 090401t1998 xxu||||| |||| 00| 0 eng d
035 _a(Sirsi) u85973
041 _aeng
100 _aRaven, G.
245 4 _aThe future of IT in steel construction
260 _c1998
350 _a0
490 _aNew Steel Construction
_v6(2) April/May 1998, 16-17(2)
520 _aReviews the future of information technology in the steel industry, particularly intelligent 3-D modelling systems and application software. Looks at the importance of data standards for providing information for the construction industry as a whole, supporting the emphasis of working together in the Latham Report.
650 _a3D MODELLING
650 _aCONSTRUCTION INDUSTRY
650 _aDATA STANDARDS
650 _aINTELLIGENT MODELLING SYSTEMS
650 _aLATHAM REFORMS
650 _aSTEEL INDUSTRY
650 _aSUPPLY CHAIN
690 _aMANAGEMENT-BUSINESS MANAGEMENT-INFORMATION MANAGEMENT
942 _n0
948 _c01/05/1998
999 _c54089
_d54089